Indovina la nazione dal giocatore - Juventus - Statistics

Statistiche generali
  • Questo quiz è stato fatto 465 volte
  • Il punteggio medio è 8 su 8
Statistiche sulle risposte
con Immagini Risposta % Corretto
Italia
100%
Polonia
100%
Brasile
99%
Francia
99%
Serbia
98%
Colombia
97%
Argentina
96%
Regno Unito
81%
Nessun quiz corrispondente trovato
Distribuzione punteggi
Percentuale di utenti per punteggio
Percentile per numero di risposta
I tuoi punteggi nel tempo
Non hai fatto questo quiz